Organizacija funkcional'no-stoimostnogo analiza na predprijatii

Guardado en:
Detalles Bibliográficos
Formato: Libro
Lenguaje:ruso
Publicado: Moskva Finansy i statistika 1982
Etiquetas: Agregar Etiqueta
Sin Etiquetas, Sea el primero en etiquetar este registro!

MARC

LEADER 00000nam a2200000 4500
001 c131551
005 20250722095213.7
041 0 |a rus 
044 |a RU 
245 1 0 |a Organizacija funkcional'no-stoimostnogo analiza na predprijatii 
264 1 |a Moskva  |b Finansy i statistika  |c 1982 
300 |a 126 s.